| 000 | 01612nam a2200337 a 4500 | ||
|---|---|---|---|
| 001 | BRCA_3242 | ||
| 005 | 20190320204200.0 | ||
| 008 | 110309s1811----enka---###---#000-0#eng-# | ||
| 041 | _aeng | ||
| 044 | _aenk | ||
| 084 |
_a543 _b.S78 _c1811 |
||
| 100 | 1 |
_aCervantes Saavedra, Miguel de _d1547-1616 _9213 |
|
| 245 | 1 | 0 |
_aThe History and Adventures of the Renowned Don Quixote _cTranslated from the Spanish of Miguel de Cervantes Saavedra by Dr. Smollett to which is Prefixed the Life of the Author. |
| 260 |
_aLondres _bJ. Stratford _c1811 |
||
| 300 |
_a2 v. _bil. _c22 cm. |
||
| 500 | _aContenido : v.1. Primera parte. Advertencia del traductor. Prólogo del autor. Vida de Cervantes. -- v.2. Segunda parte. Prólodgo de Cervantes. Aprobaciones y licencia de la edición príncipe | ||
| 500 | _aEdición : Embellished with a Super Series of Engravings | ||
| 500 | _aReproducción de la traducción de Smollett. Similar a la edición publicada en 1755, por A. Millar. Piel; lomeras decoradas con dorados Lúdovik Osterc | ||
| 500 | _aEstado físico : Anotaciones manuscritas en la guarda | ||
| 500 | _aCon ex-libris de : John Charleton | ||
| 500 | _aQM800 | ||
| 546 | _aTexto en : inglés | ||
| 650 | 1 | 4 |
_aNovela española _yÉpoca clásica, 1500-1700 _9215 |
| 650 | 1 | 4 |
_aLiteratura española _yÉpoca clásica, 1500-1700 _9216 |
| 650 | 1 | 4 |
_aNovela española _ySiglo XVII _9217 |
| 650 | 1 | 4 |
_aDon Quijote (Personaje ficticio) _eNovela _9218 |
| 700 | 1 |
_aSmollett, Tobias George _d1721-1771 _eTraductor _98642 |
|
| 740 | 0 | _aEl Ingenioso Hidalgo Don Quijote de la Mancha | |
| 902 | _aQFM | ||
| 942 |
_2lcc _cB |
||
| 999 |
_c2978 _d2978 |
||